<?xml version="1.0" encoding="UTF-8"?>
<record
    xmlns:xsi="http://www.w3.org/2001/XMLSchema-instance"
    xsi:schemaLocation="http://www.loc.gov/MARC21/slim http://www.loc.gov/standards/marcxml/schema/MARC21slim.xsd"
    xmlns="http://www.loc.gov/MARC21/slim">

  <leader>01270nam a2200337 i 4500</leader>
  <datafield tag="952" ind1=" " ind2=" ">
    <subfield code="0">0</subfield>
    <subfield code="1">0</subfield>
    <subfield code="2">ddc</subfield>
    <subfield code="4">0</subfield>
    <subfield code="7">0</subfield>
    <subfield code="8">GEN</subfield>
    <subfield code="a">FUSBC</subfield>
    <subfield code="b">FUSBC</subfield>
    <subfield code="d">2020-03-25</subfield>
    <subfield code="e">Colecci&#xF3;n Dawn Christina Harrell</subfield>
    <subfield code="l">0</subfield>
    <subfield code="o">G 232.906 B789j</subfield>
    <subfield code="p">21150</subfield>
    <subfield code="r">2020-03-25 00:00:00</subfield>
    <subfield code="t">Ej.1</subfield>
    <subfield code="w">2020-03-25</subfield>
    <subfield code="y">BK</subfield>
    <subfield code="k">1</subfield>
    <subfield code="I">INV2023</subfield>
  </datafield>
  <datafield tag="999" ind1=" " ind2=" ">
    <subfield code="c">65511</subfield>
    <subfield code="d">65511</subfield>
  </datafield>
  <controlfield tag="001">768714001</controlfield>
  <controlfield tag="003">CO-MdFUSB</controlfield>
  <controlfield tag="005">20200716091951.0</controlfield>
  <controlfield tag="007">ta</controlfield>
  <controlfield tag="008">200325t2013    nyu |||| |||| 00| 0 eng d</controlfield>
  <datafield tag="020" ind1=" " ind2=" ">
    <subfield code="a">9781595584687</subfield>
  </datafield>
  <datafield tag="040" ind1=" " ind2=" ">
    <subfield code="a">CO-MdFUSB</subfield>
    <subfield code="b">spa</subfield>
    <subfield code="c">CO-MdFUSB</subfield>
    <subfield code="d">CO-MdFUSBC</subfield>
    <subfield code="e">rda</subfield>
  </datafield>
  <datafield tag="041" ind1=" " ind2=" ">
    <subfield code="a">eng</subfield>
  </datafield>
  <datafield tag="082" ind1=" " ind2=" ">
    <subfield code="2">23</subfield>
    <subfield code="a">232.906</subfield>
    <subfield code="b">B789</subfield>
  </datafield>
  <datafield tag="100" ind1=" " ind2=" ">
    <subfield code="a">Boyarin, Daniel.</subfield>
    <subfield code="e">autor</subfield>
  </datafield>
  <datafield tag="242" ind1="1" ind2=" ">
    <subfield code="a">Los evangelios jud&#xED;os :</subfield>
    <subfield code="b">La historia del cristianismo jud&#xED;o.</subfield>
  </datafield>
  <datafield tag="245" ind1="1" ind2="4">
    <subfield code="a">The Jewish Gospels : </subfield>
    <subfield code="b">The Story of the Jewish Christ. </subfield>
    <subfield code="c">/ Daniel Boyarin</subfield>
  </datafield>
  <datafield tag="264" ind1=" " ind2="1">
    <subfield code="a">Nueva York :</subfield>
    <subfield code="b">New Press, </subfield>
    <subfield code="c">[2013]</subfield>
  </datafield>
  <datafield tag="264" ind1=" " ind2="4">
    <subfield code="c">&#xA9; 2013</subfield>
  </datafield>
  <datafield tag="300" ind1=" " ind2=" ">
    <subfield code="a">200 p&#xE0;ginas</subfield>
    <subfield code="c">; 24 cm</subfield>
  </datafield>
  <datafield tag="336" ind1=" " ind2=" ">
    <subfield code="2">rdacontent</subfield>
    <subfield code="a">texto</subfield>
    <subfield code="b">txt</subfield>
  </datafield>
  <datafield tag="337" ind1=" " ind2=" ">
    <subfield code="2">rdamedia</subfield>
    <subfield code="a">sin mediaci&#xF3;n</subfield>
    <subfield code="b">n</subfield>
  </datafield>
  <datafield tag="338" ind1=" " ind2=" ">
    <subfield code="2">rdacarrier</subfield>
    <subfield code="a">volumen</subfield>
    <subfield code="b">nc</subfield>
  </datafield>
  <datafield tag="500" ind1=" " ind2=" ">
    <subfield code="a">Colecci&#xF3;n Dawn Christina Harrell</subfield>
  </datafield>
  <datafield tag="505" ind1=" " ind2=" ">
    <subfield code="a">Pr&#xF3;logo / por Jack Miles. -- De hijo de Dios a hijo de hombre. -- El hijo del hombre en First Enoch y Fouz Ezra: otros mes&#xED;as jud&#xED;os del primer siglo. -- Jes&#xFA;s mantuvo kosher. -- El Cristo sufriente como un midrash en Daniel. -- Ep&#xED;logo: El Evangelio jud&#xED;o.</subfield>
  </datafield>
  <datafield tag="563" ind1=" " ind2=" ">
    <subfield code="a">R&#xF9;stico</subfield>
  </datafield>
  <datafield tag="630" ind1="0" ind2="7">
    <subfield code="a">Biblia</subfield>
    <subfield code="x">Cr&#xED;tica, interpretaci&#xF3;n, etc.</subfield>
  </datafield>
  <datafield tag="942" ind1=" " ind2=" ">
    <subfield code="c">BK</subfield>
  </datafield>
  <datafield tag="945" ind1=" " ind2=" ">
    <subfield code="a">JTF-925</subfield>
  </datafield>
</record>
